00673nam a2200181 i 450000100060000000300090000600500170001500700030003200800410003510000310007624500600010726000700016730000220023771000610025985200320032099900170035295201220036933130ES-MaACL20230906154712.0t|030201s1967 sp ||||1| spa d1 aBernard, Madeleine.92824913aEl servicio social en la empresa / cMadeleine Bernard. aBarcelona : bInstituto Católico de Estudios Sociales, c[1967] a190 p. ; c22 cm.2 aInstitut Catòlic d'Estudis Socials de Barcelona.94738 aES-MaACLjC-34185 bR.65239 c33130d33130 00104070aATENEOMbATENEOMcDEPO2d2008-01-17eSCl0oC-34185p1034437r2023-02-23 00:00:00w2023-02-23yMONOGRAFIA